[Event "Nationale pupillendag 2017 - categorie F"]
[Site "Meppel"]
[Date "2017.06.17"]
[Round "7.2"]
[White "Maris, Lauri"]
[Black "Visser, Isaac"]
[Result "1-0"]
[BlackElo "735"]
[WhiteElo "1073"]
[LiveChessVersion "1.4.8"]

1. e4 {[%clk 0:15:20]} e6 {[%clk 0:15:16]} 2. d4 {[%clk 0:15:28]} d5
{[%clk 0:15:19]} 3. e5 {[%clk 0:15:29]} c5 {[%clk 0:15:24]} 4. c3
{[%clk 0:15:28]} Nc6 {[%clk 0:15:29]} 5. Nf3 {[%clk 0:15:36]} Qb6
{[%clk 0:15:22]} 6. Na3 {[%clk 0:15:18]} Bd7 {[%clk 0:15:10]} 7. Be2
{[%clk 0:15:14]} Nge7 {[%clk 0:14:49]} 8. O-O {[%clk 0:15:17]} Nf5
{[%clk 0:14:34]} 9. Bb5 {[%clk 0:14:27]} cxd4 {[%clk 0:14:26]} 10. Bxc6
{[%clk 0:14:33]} Bxc6 {[%clk 0:14:28]} 11. Nxd4 {[%clk 0:14:29]} Nxd4
{[%clk 0:14:36]} 12. Qxd4 {[%clk 0:14:16]} Qxd4 {[%clk 0:14:42]} 13. cxd4
{[%clk 0:14:24]} Be7 {[%clk 0:14:17]} 14. Nc2 {[%clk 0:14:15]} O-O
{[%clk 0:14:03]} 15. Bf4 {[%clk 0:14:21]} Rac8 {[%clk 0:13:42]} 16. Ne3
{[%clk 0:14:21]} Bb5 {[%clk 0:13:28]} 17. Rfc1 {[%clk 0:14:18]} Bb4
{[%clk 0:13:24]} 18. Nc2 {[%clk 0:14:07]} Ba5 {[%clk 0:13:25]} 19. Na3
{[%clk 0:14:03]} Ba6 {[%clk 0:13:18]} 20. Rxc8 {[%clk 0:13:48]} Rxc8
{[%clk 0:13:26]} 21. Rc1 {[%clk 0:13:45]} Rxc1+ {[%clk 0:13:26]} 22. Bxc1
{[%clk 0:13:53]} Bd3 {[%clk 0:13:19]} 23. f3 {[%clk 0:13:29]} Bb6
{[%clk 0:13:19]} 24. Be3 {[%clk 0:13:22]} Kf8 {[%clk 0:13:11]} 25. Kf2
{[%clk 0:13:27]} Ke7 {[%clk 0:13:13]} 26. Ke1 {[%clk 0:13:36]} f6
{[%clk 0:13:15]} 27. exf6+ {[%clk 0:13:43]} Kxf6 {[%clk 0:13:20]} 28. Kd2
{[%clk 0:13:38]} Ba6 {[%clk 0:13:19]} 29. Nc2 {[%clk 0:13:23]} e5
{[%clk 0:13:14]} 30. dxe5+ {[%clk 0:13:32]} Kxe5 {[%clk 0:13:20]} 31. Bxb6
{[%clk 0:13:41]} axb6 {[%clk 0:13:26]} 32. Ke3 {[%clk 0:13:34]} Bc4
{[%clk 0:13:13]} 33. a3 {[%clk 0:13:43]} b5 {[%clk 0:12:50]} 34. f4+
{[%clk 0:13:40]} Kf5 {[%clk 0:12:35]} 35. Nd4+ {[%clk 0:13:28]} Kf6
{[%clk 0:12:20]} 36. b3 {[%clk 0:13:40]} Bf1 {[%clk 0:12:25]} 37. Kf2
{[%clk 0:13:49]} Bd3 {[%clk 0:12:26]} 38. Ke3 {[%clk 0:13:51]} Be4
{[%clk 0:12:28]} 39. g4 {[%clk 0:13:51]} g5 {[%clk 0:12:24]} 40. f5
{[%clk 0:13:52]} h6 {[%clk 0:11:50]} 41. Nxb5 {[%clk 0:13:53]} Ke5
{[%clk 0:11:38]} 42. Nc3 {[%clk 0:13:36]} d4+ {[%clk 0:11:39]} 43. Kd2
{[%clk 0:13:43]} dxc3+ {[%clk 0:11:46]} 44. Kxc3 {[%clk 0:13:53]} Bf3
{[%clk 0:11:45]} 45. h3 {[%clk 0:14:02]} Bg2 {[%clk 0:11:48]} 46. b4
{[%clk 0:14:07]} Bd5 {[%clk 0:11:32]} 47. a4 {[%clk 0:14:13]} Kd6
{[%clk 0:11:37]} 48. b5 {[%clk 0:14:20]} b6 {[%clk 0:11:41]} 49. Kb4
{[%clk 0:14:26]} Kc7 {[%clk 0:11:49]} 50. a5 {[%clk 0:14:29]} bxa5+
{[%clk 0:11:57]} 51. Kxa5 {[%clk 0:14:38]} Kb7 {[%clk 0:12:02]} 52. b6 Kb8
{[%clk 0:11:50]} 53. Kb5 {[%clk 0:14:54]} Kb7 {[%clk 0:11:53]} 54. Kc5
{[%clk 0:15:03]} Bg8 {[%clk 0:11:56]} 55. f6 {[%clk 0:15:06]} Kb8
{[%clk 0:11:55]} 56. Kc6 {[%clk 0:15:12]} Kc8 {[%clk 0:11:52]} 57. b7+
{[%clk 0:15:08]} Kb8 {[%clk 0:11:57]} 58. Kd6 {[%clk 0:15:17]} Kxb7
{[%clk 0:12:05]} 59. Ke6 {[%clk 0:15:27]} Kc8+ {[%clk 0:12:14]} 60. Ke7
{[%clk 0:15:34]} Bf7 {[%clk 0:12:13]} 61. Kxf7 {[%clk 0:15:43]} Kd7
{[%clk 0:12:23]} 62. Kg6 {[%clk 0:15:52]} Ke6 {[%clk 0:12:22]} 63. Kxh6
{[%clk 0:15:58]} Kxf6 {[%clk 0:12:32]} 64. Kh5 {[%clk 0:16:06]} Ke5
{[%clk 0:12:38]} 65. Kxg5 {[%clk 0:16:14]} Ke4 {[%clk 0:12:45]} 66. h4
{[%clk 0:16:24]} Ke5 {[%clk 0:12:54]} 67. h5 {[%clk 0:16:33]} Ke6
{[%clk 0:13:03]} 68. Kg6 {[%clk 0:16:40]} Ke5 {[%clk 0:13:11]} 69. h6
{[%clk 0:16:49]} Kf4 {[%clk 0:13:20]} 70. h7 {[%clk 0:16:57]} Kxg4
{[%clk 0:13:28]} 71. h8=Q {[%clk 0:17:05]} Kg3 {[%clk 0:13:33]} 72. Qd4
{[%clk 0:17:13]} Kh3 {[%clk 0:13:41]} 73. Kg5 {[%clk 0:17:22]} Kg2
{[%clk 0:13:50]} 74. Qd3 {[%clk 0:17:31]} Kf2 {[%clk 0:13:58]} 75. Kg4
{[%clk 0:17:39]} Kg2 {[%clk 0:14:06]} 76. Qe2+ {[%clk 0:17:46]} Kg1
{[%clk 0:14:14]} 77. Kh3 {[%clk 0:17:53]} 1-0

[Event "Nationale pupillendag 2017 - categorie F"]
[Site "Meppel"]
[Date "2017.06.17"]
[Round "7.3"]
[White "De Heij, Mees"]
[Black "De Jong, Quint"]
[Result "1-0"]
[BlackElo "967"]
[WhiteElo "887"]
[LiveChessVersion "1.4.8"]

1. d4 {[%clk 0:15:18]} d5 {[%clk 0:15:20]} 2. c4 c6 3. Nc3 {[%clk 0:15:22]} Nf6
{[%clk 0:15:26]} 4. Bf4 {[%clk 0:15:30]} g6 {[%clk 0:15:33]} 5. Nf3
{[%clk 0:15:38]} Bg7 {[%clk 0:15:42]} 6. e3 {[%clk 0:15:44]} Bf5 {[%clk 0:15:47]}
7. cxd5 {[%clk 0:15:52]} cxd5 {[%clk 0:15:55]} 8. Nb5 Na6 9. Nc3 {[%clk 0:15:50]}
O-O {[%clk 0:15:55]} 10. Bxa6 {[%clk 0:15:52]} bxa6 {[%clk 0:16:03]} 11. O-O
{[%clk 0:15:54]} Ne4 {[%clk 0:15:48]} 12. Nxe4 {[%clk 0:15:09]} Bxe4
{[%clk 0:15:57]} 13. Ne5 {[%clk 0:15:14]} e6 {[%clk 0:15:26]} 14. Qe2
{[%clk 0:15:19]} Rc8 {[%clk 0:15:08]} 15. Qxa6 {[%clk 0:15:23]} Qh4
{[%clk 0:14:41]} 16. Qxa7 {[%clk 0:15:05]} Qd8 {[%clk 0:14:34]} 17. Qd7
{[%clk 0:14:43]} Qb6 {[%clk 0:14:09]} 18. b3 {[%clk 0:14:36]} Bf5
{[%clk 0:12:41]} 19. Rac1 {[%clk 0:14:01]} Ra8 {[%clk 0:12:30]} 20. Qc6
{[%clk 0:13:27]} Qb4 {[%clk 0:12:07]} 21. Qc3 {[%clk 0:13:10]} Qb5
{[%clk 0:12:10]} 22. a4 {[%clk 0:13:15]} Qb7 {[%clk 0:12:01]} 23. Ra1
{[%clk 0:13:06]} Rfc8 {[%clk 0:11:46]} 24. Qb2 {[%clk 0:12:31]} Bc2
{[%clk 0:11:35]} 25. Ra3 {[%clk 0:12:24]} f6 {[%clk 0:10:12]} 26. Nf3
{[%clk 0:12:08]} h5 {[%clk 0:09:29]} 27. Rc1 {[%clk 0:12:02]} Be4
{[%clk 0:09:17]} 28. Rxc8+ {[%clk 0:12:05]} Rxc8 {[%clk 0:09:25]} 29. h3
{[%clk 0:12:09]} g5 {[%clk 0:09:31]} 30. Bg3 {[%clk 0:12:02]} h4 {[%clk 0:09:36]}
31. Bh2 {[%clk 0:12:09]} Qc6 {[%clk 0:09:34]} 32. Ra1 {[%clk 0:11:48]} Kh7
{[%clk 0:08:42]} 33. a5 {[%clk 0:11:51]} Ra8 {[%clk 0:08:43]} 34. b4
{[%clk 0:11:59]} Qb5 {[%clk 0:08:42]} 35. Nd2 {[%clk 0:11:33]} Bd3
{[%clk 0:08:30]} 36. Qa3 {[%clk 0:11:22]} Bf8 {[%clk 0:08:21]} 37. Qb3
{[%clk 0:10:55]} Bxb4 38. Nf3 {[%clk 0:10:23]} Rxa5 {[%clk 0:08:15]} 39. Rxa5
{[%clk 0:10:21]} Qxa5 {[%clk 0:08:13]} 40. Qxd3+ {[%clk 0:10:27]} Kg7
{[%clk 0:08:13]} 41. Qb1 {[%clk 0:10:05]} Be7 {[%clk 0:07:25]} 42. e4
{[%clk 0:09:55]} Kg8 {[%clk 0:06:10]} 43. exd5 {[%clk 0:09:49]} Qxd5
{[%clk 0:06:17]} 44. Qb8+ {[%clk 0:09:45]} Kf7 {[%clk 0:06:24]} 45. Bc7
{[%clk 0:09:29]} Qd7 {[%clk 0:06:07]} 46. Bb6 {[%clk 0:09:19]} Bd6
{[%clk 0:06:05]} 47. Qa7 {[%clk 0:09:26]} Ke7 {[%clk 0:05:49]} 48. Qxd7+
{[%clk 0:09:31]} Kxd7 {[%clk 0:05:58]} 49. Bc5 {[%clk 0:09:28]} Bf4
{[%clk 0:05:58]} 50. Kf1 {[%clk 0:09:30]} Kc6 {[%clk 0:06:05]} 51. Ke2
{[%clk 0:09:37]} e5 {[%clk 0:06:05]} 52. Ba7 {[%clk 0:09:39]} Kb7
{[%clk 0:06:04]} 53. Bc5 {[%clk 0:09:47]} Kc6 {[%clk 0:06:14]} 54. Be7
{[%clk 0:09:55]} exd4 {[%clk 0:06:07]} 55. Bxf6 {[%clk 0:10:02]} Kd5
{[%clk 0:06:09]} 56. Bxd4 {[%clk 0:10:03]} Ke4 {[%clk 0:06:10]} 57. Be3
{[%clk 0:10:04]} Bxe3 {[%clk 0:06:05]} 58. fxe3 {[%clk 0:10:11]} Kf5
{[%clk 0:06:13]} 59. Kf2 {[%clk 0:10:05]} Kf6 {[%clk 0:06:18]} 60. g3
{[%clk 0:10:13]} hxg3+ {[%clk 0:06:27]} 61. Kxg3 {[%clk 0:10:21]} Kf5
{[%clk 0:06:35]} 62. h4 {[%clk 0:10:23]} gxh4+ {[%clk 0:06:41]} 63. Nxh4+
{[%clk 0:10:31]} Ke4 {[%clk 0:06:49]} 64. Kf2 {[%clk 0:10:36]} Ke5
{[%clk 0:06:56]} 65. Kf3 {[%clk 0:10:44]} Ke6 {[%clk 0:07:03]} 66. Ke4
{[%clk 0:10:52]} Ke7 {[%clk 0:07:13]} 67. Ke5 {[%clk 0:11:01]} Kd8
{[%clk 0:07:20]} 68. Kf6 {[%clk 0:11:07]} Ke8 {[%clk 0:07:28]} 69. Ke6
{[%clk 0:11:16]} Kf8 {[%clk 0:07:33]} 70. Kd7 {[%clk 0:11:25]} Kf7
{[%clk 0:07:42]} 71. e4 {[%clk 0:11:28]} Kf6 {[%clk 0:07:50]} 72. Nf3
{[%clk 0:11:31]} Kf7 {[%clk 0:07:52]} 73. e5 {[%clk 0:11:39]} Kg6
{[%clk 0:07:59]} 74. e6 {[%clk 0:11:48]} Kf6 {[%clk 0:08:08]} 75. e7
{[%clk 0:11:56]} Kg7 {[%clk 0:08:15]} 76. e8=R {[%clk 0:12:02]} Kf6
{[%clk 0:08:22]} 77. Ng5 {[%clk 0:12:10]} Kg7 {[%clk 0:08:28]} 78. Re1
{[%clk 0:12:14]} Kf6 {[%clk 0:08:34]} 79. Nh3 {[%clk 0:12:19]} Kf5
{[%clk 0:08:43]} 80. Kd6 {[%clk 0:12:28]} Kg4 {[%clk 0:08:57]} 81. Rf1
{[%clk 0:12:44]} Kh4 {[%clk 0:09:04]} 82. Rg1 {[%clk 0:12:52]} Kh5
{[%clk 0:09:13]} 83. Ke6 {[%clk 0:12:56]} Kh6 {[%clk 0:09:20]} 84. Kf7
{[%clk 0:13:02]} Kh7 {[%clk 0:09:24]} 85. Ng5+ {[%clk 0:13:05]} Kh6
{[%clk 0:09:33]} 86. Ne4 {[%clk 0:13:11]} Kh5 {[%clk 0:09:41]} 87. Kf6
{[%clk 0:13:15]} Kh4 {[%clk 0:09:50]} 88. Kf5 {[%clk 0:13:24]} Kh3
{[%clk 0:09:58]} 89. Kf4 {[%clk 0:13:33]} Kh2 {[%clk 0:10:07]} 90. Rg8
{[%clk 0:13:39]} Kh3 {[%clk 0:10:15]} 91. Nc5 {[%clk 0:13:47]} Kh2
{[%clk 0:10:24]} 92. Kf3 {[%clk 0:13:56]} Kh1 {[%clk 0:10:33]} 93. Kf2
{[%clk 0:14:05]} Kh2 {[%clk 0:10:42]} 94. Rh8# 1-0

[Event "Nationale pupillendag 2017 - categorie F"]
[Site "Meppel"]
[Date "2017.06.17"]
[Round "7.4"]
[White "Waersegers, Brent"]
[Black "Smeets, Kobe"]
[Result "0-1"]
[BlackElo "871"]
[WhiteElo "583"]
[LiveChessVersion "1.4.8"]

1. e4 c5 {[%clk 0:15:20]} 2. Nc3 {[%clk 0:15:27]} e5 {[%clk 0:15:23]} 3. Nf3
{[%clk 0:15:28]} Nc6 {[%clk 0:15:32]} 4. Bc4 {[%clk 0:15:31]} h6 {[%clk 0:15:17]}
5. O-O {[%clk 0:15:35]} Nf6 {[%clk 0:15:26]} 6. d4 {[%clk 0:15:22]} cxd4
{[%clk 0:15:22]} 7. Nd5 Bc5 {[%clk 0:14:45]} 8. Nxf6+ {[%clk 0:15:07]} Qxf6
{[%clk 0:14:53]} 9. c3 {[%clk 0:15:04]} dxc3 {[%clk 0:14:56]} 10. bxc3
{[%clk 0:15:13]} d6 {[%clk 0:14:59]} 11. Qd5 {[%clk 0:15:06]} Be6
{[%clk 0:15:01]} 12. Qd3 Bxc4 {[%clk 0:14:49]} 13. Qxc4 {[%clk 0:15:10]} O-O
{[%clk 0:14:55]} 14. Qd3 {[%clk 0:15:02]} a6 {[%clk 0:14:56]} 15. a4
{[%clk 0:15:03]} Rad8 {[%clk 0:14:43]} 16. Rb1 {[%clk 0:14:53]} Rd7
{[%clk 0:14:52]} 17. c4 {[%clk 0:14:43]} Qe6 {[%clk 0:14:56]} 18. Nh4
{[%clk 0:14:34]} Na5 {[%clk 0:14:51]} 19. Qg3 {[%clk 0:14:31]} Nxc4
{[%clk 0:14:19]} 20. Nf5 {[%clk 0:14:32]} Qg6 {[%clk 0:14:21]} 21. Qxg6
{[%clk 0:14:37]} fxg6 {[%clk 0:14:29]} 22. Nh4 {[%clk 0:14:39]} Rf6
{[%clk 0:13:57]} 23. Be3 {[%clk 0:14:21]} Nxe3 {[%clk 0:13:53]} 24. fxe3
{[%clk 0:14:28]} Bxe3+ {[%clk 0:13:29]} 25. Kh1 {[%clk 0:14:31]} Rdf7
{[%clk 0:13:33]} 26. Rxf6 {[%clk 0:14:34]} Rxf6 {[%clk 0:13:37]} 27. h3
{[%clk 0:14:39]} Bf2 {[%clk 0:12:21]} 28. Nf3 {[%clk 0:14:32]} Rf7
{[%clk 0:12:25]} 29. Rb2 {[%clk 0:14:38]} Bc5 {[%clk 0:12:26]} 30. a5
{[%clk 0:14:41]} b6 {[%clk 0:12:02]} 31. axb6 {[%clk 0:14:45]} Rb7
{[%clk 0:12:10]} 32. Rb1 Rxb6 {[%clk 0:12:05]} 33. Rxb6 {[%clk 0:14:49]} Bxb6
{[%clk 0:12:14]} 34. Nd4 {[%clk 0:14:54]} a5 {[%clk 0:12:21]} 35. Nc2 a4 36. Na3
{[%clk 0:14:52]} Bc5 {[%clk 0:12:26]} 37. Nb1 a3 38. Nc3 {[%clk 0:14:42]} Bd4
{[%clk 0:12:31]} 39. Na2 {[%clk 0:14:48]} Kf7 {[%clk 0:12:40]} 40. Kh2
{[%clk 0:14:56]} Kf6 {[%clk 0:12:47]} 41. Kg3 {[%clk 0:15:05]} Kg5
{[%clk 0:12:43]} 42. Kf3 {[%clk 0:15:09]} Kh4 {[%clk 0:12:45]} 43. Ke2
{[%clk 0:15:12]} Kg3 {[%clk 0:12:51]} 44. Kf1 {[%clk 0:15:20]} g5
{[%clk 0:12:56]} 45. Nb4 {[%clk 0:15:26]} g4 {[%clk 0:12:51]} 46. hxg4 Kxg4
{[%clk 0:13:00]} 47. Na2 {[%clk 0:15:33]} h5 {[%clk 0:13:05]} 48. Nb4
{[%clk 0:15:39]} h4 {[%clk 0:13:13]} 49. Na2 {[%clk 0:15:47]} g5 {[%clk 0:13:22]}
50. Nb4 {[%clk 0:15:50]} h3 {[%clk 0:13:30]} 51. Na2 {[%clk 0:15:57]} hxg2+
{[%clk 0:13:34]} 52. Kxg2 {[%clk 0:16:04]} Kf4 {[%clk 0:13:44]} 53. Nb4
{[%clk 0:16:10]} Kxe4 {[%clk 0:13:51]} 54. Na2 {[%clk 0:16:19]} Kf4
{[%clk 0:13:59]} 55. Nb4 {[%clk 0:16:27]} e4 {[%clk 0:14:08]} 56. Nc2
{[%clk 0:16:27]} a2 {[%clk 0:14:17]} 57. Nxd4 {[%clk 0:16:33]} a1=Q
{[%clk 0:14:17]} 58. Ne2+ {[%clk 0:16:36]} Ke3 {[%clk 0:14:25]} 59. Nf4
{[%clk 0:16:32]} gxf4 {[%clk 0:14:26]} 60. Kh3 {[%clk 0:16:39]} Qg1
{[%clk 0:14:23]} 61. Kh4 {[%clk 0:16:46]} f3 {[%clk 0:14:31]} 62. Kh3
{[%clk 0:16:49]} Kf4 {[%clk 0:14:40]} 63. Kh4 Qh1# 0-1

[Event "Nationale pupillendag 2017 - categorie F"]
[Site "Meppel"]
[Date "2017.06.17"]
[Round "7.5"]
[White "'t Hart, Samuel"]
[Black "Van Arendonk, Polle"]
[Result "0-1"]
[BlackElo "1105"]
[WhiteElo "583"]
[LiveChessVersion "1.4.8"]

1. d4 {[%clk 0:15:19]} e6 {[%clk 0:15:19]} 2. e4 {[%clk 0:15:26]} d5
{[%clk 0:15:27]} 3. e5 {[%clk 0:15:33]} c5 {[%clk 0:15:36]} 4. c3
{[%clk 0:15:41]} Nc6 {[%clk 0:15:44]} 5. Nf3 {[%clk 0:15:49]} Qb6
{[%clk 0:15:53]} 6. Be3 {[%clk 0:15:55]} Qxb2 {[%clk 0:16:00]} 7. Nbd2
{[%clk 0:15:53]} Qxc3 {[%clk 0:16:06]} 8. Be2 {[%clk 0:15:44]} cxd4
{[%clk 0:16:03]} 9. Bf4 {[%clk 0:15:07]} Nge7 {[%clk 0:14:55]} 10. O-O
{[%clk 0:15:11]} d3 {[%clk 0:15:01]} 11. Rc1 {[%clk 0:14:41]} dxe2
{[%clk 0:14:22]} 12. Qxe2 {[%clk 0:13:57]} Qa5 {[%clk 0:14:22]} 13. Nb3
{[%clk 0:13:57]} Qb6 {[%clk 0:13:41]} 14. Rb1 {[%clk 0:13:05]} Qa6
{[%clk 0:13:28]} 15. Qxa6 {[%clk 0:13:02]} bxa6 {[%clk 0:13:35]} 16. Nc5
{[%clk 0:13:09]} Nf5 {[%clk 0:13:10]} 17. Rfd1 {[%clk 0:12:41]} Bxc5 18. Kh1
{[%clk 0:12:19]} Bb6 {[%clk 0:12:58]} 19. Rdc1 {[%clk 0:12:18]} Bd7
{[%clk 0:12:58]} 20. Kg1 {[%clk 0:11:27]} O-O {[%clk 0:12:57]} 21. Ra1 0-1

[Event "Nationale pupillendag 2017 - categorie F"]
[Site "Meppel"]
[Date "2017.06.17"]
[Round "7.6"]
[White "Aubel, Koen"]
[Black "Dekker, Thiemen"]
[Result "0-1"]
[BlackElo "610"]
[WhiteElo "819"]
[LiveChessVersion "1.4.8"]

1. e4 {[%clk 0:15:19]} e5 {[%clk 0:15:18]} 2. Nf3 {[%clk 0:15:28]} Nc6
{[%clk 0:15:27]} 3. Bb5 {[%clk 0:15:36]} Nf6 {[%clk 0:15:23]} 4. d3
{[%clk 0:15:44]} a6 {[%clk 0:15:14]} 5. Bxc6 {[%clk 0:15:50]} bxc6
{[%clk 0:15:23]} 6. Nxe5 {[%clk 0:15:58]} Qe7 {[%clk 0:15:07]} 7. Nf3
{[%clk 0:16:06]} d5 {[%clk 0:15:04]} 8. e5 {[%clk 0:16:09]} Ng4 {[%clk 0:14:46]}
9. Bf4 {[%clk 0:16:14]} f6 {[%clk 0:14:29]} 10. h3 {[%clk 0:16:21]} Nxe5
{[%clk 0:14:24]} 11. Bxe5 {[%clk 0:16:26]} fxe5 {[%clk 0:14:29]} 12. O-O
{[%clk 0:16:35]} Qd6 {[%clk 0:14:13]} 13. Re1 {[%clk 0:16:40]} Be7
{[%clk 0:13:09]} 14. Rxe5 {[%clk 0:16:47]} O-O {[%clk 0:12:54]} 15. Qe2
{[%clk 0:16:52]} Bd7 {[%clk 0:12:00]} 16. Rxe7 {[%clk 0:16:44]} Rae8
{[%clk 0:11:42]} 17. Rxe8 {[%clk 0:16:44]} Rxe8 {[%clk 0:11:28]} 18. Qd2
{[%clk 0:16:49]} Qf6 {[%clk 0:10:44]} 19. Nc3 {[%clk 0:16:48]} Qg6
{[%clk 0:10:29]} 20. Kh1 {[%clk 0:16:36]} Rf8 {[%clk 0:09:57]} 21. Qe3
{[%clk 0:16:24]} Qf6 {[%clk 0:09:40]} 22. Re1 {[%clk 0:16:17]} Bxh3
{[%clk 0:09:37]} 23. gxh3 {[%clk 0:16:12]} Qxf3+ {[%clk 0:09:44]} 24. Qxf3
{[%clk 0:16:20]} Rxf3 {[%clk 0:09:50]} 25. Re8+ {[%clk 0:16:28]} Kf7
{[%clk 0:09:57]} 26. Rc8 {[%clk 0:16:36]} Rxf2 {[%clk 0:09:54]} 27. Rxc7+
{[%clk 0:16:43]} Kf8 {[%clk 0:09:58]} 28. Rxc6 {[%clk 0:16:40]} Rxc2
{[%clk 0:09:56]} 29. Rc8+ {[%clk 0:16:48]} Kf7 {[%clk 0:09:46]} 30. Rc7+
{[%clk 0:16:57]} Kg6 {[%clk 0:09:52]} 31. Rc6+ {[%clk 0:17:02]} Kf5
{[%clk 0:09:53]} 32. Rxa6 {[%clk 0:17:09]} Kf4 {[%clk 0:09:43]} 33. Nxd5+
{[%clk 0:17:14]} Kg3 {[%clk 0:09:51]} 34. Ra7 {[%clk 0:17:18]} Rc1# 0-1